<?xml version="1.0" encoding="UTF-8"?><?xml-stylesheet type="text/xsl" href="static/style.xsl"?><OAI-PMH xmlns="http://www.openarchives.org/OAI/2.0/" xmlns:xsi="http://www.w3.org/2001/XMLSchema-instance" xsi:schemaLocation="http://www.openarchives.org/OAI/2.0/ http://www.openarchives.org/OAI/2.0/OAI-PMH.xsd"><responseDate>2026-04-30T05:19:01Z</responseDate><request verb="GetRecord" identifier="oai:riubu.ubu.es:10259/11166" metadataPrefix="marc">https://riubu.ubu.es/oai/request</request><GetRecord><record><header><identifier>oai:riubu.ubu.es:10259/11166</identifier><datestamp>2025-12-19T01:05:42Z</datestamp><setSpec>com_10259_9401</setSpec><setSpec>com_10259_5087</setSpec><setSpec>com_10259_2728</setSpec><setSpec>col_10259_9402</setSpec></header><metadata><record xmlns="http://www.loc.gov/MARC21/slim" xmlns:doc="http://www.lyncode.com/xoai" xmlns:xsi="http://www.w3.org/2001/XMLSchema-instance" xmlns:dcterms="http://purl.org/dc/terms/" xsi:schemaLocation="http://www.loc.gov/MARC21/slim http://www.loc.gov/standards/marcxml/schema/MARC21slim.xsd">
<leader>00925njm 22002777a 4500</leader>
<datafield tag="042" ind1=" " ind2=" ">
<subfield code="a">dc</subfield>
</datafield>
<datafield tag="720" ind1=" " ind2=" ">
<subfield code="a">Jauregui Garmendia, Jone</subfield>
<subfield code="e">author</subfield>
</datafield>
<datafield tag="260" ind1=" " ind2=" ">
<subfield code="c">2025-06</subfield>
</datafield>
<datafield tag="520" ind1=" " ind2=" ">
<subfield code="a">Introducción: Durante nuestra estancia de voluntariado en Wakiso&#xd;
(Uganda) con la Fundación Kumen, se detectó una alta incidencia de&#xd;
enfermedades bucodentales prevenibles, especialmente en niños y adultos&#xd;
con escasa educación sanitaria y difícil acceso a servicios odontológicos.&#xd;
Esta realidad motivó la elaboración de un plan de intervención para mejorar&#xd;
la salud bucodental en la zona. Objetivos: Diseñar un plan de&#xd;
intervenciones para contribuir en la disminución de enfermedades&#xd;
bucodentales en el distrito de Wakiso, Uganda. Metodología: Se ha&#xd;
utilizado la herramienta del Marco Lógico, que contempla la identificación&#xd;
del problema y posibles soluciones mediante árboles, y la elaboración de&#xd;
una matriz de planificación con las propuestas de actividades para lograr&#xd;
los objetivos, indicadores, fuentes de verificación y factores de riesgo. Las&#xd;
acciones se dirigen a población escolar y adulta, a través de sesiones&#xd;
educativas y talleres nutricionales. Presupuesto: Se ha estimado un total&#xd;
de 1.880€, financiados por crowdfunding, destinados a infografías&#xd;
educativas, modelos anatómicos y kits dentales. Cronograma: La&#xd;
intervención se llevará a cabo en varios meses, comenzando con talleres&#xd;
educativos, distribución de materiales y seguimiento. Conclusiones:Se&#xd;
espera que el proyecto mejore la salud bucodental, reduciendo&#xd;
enfermedades y sensibilizando a la población sobre higiene y alimentación.&#xd;
La validez se evaluará al implementarlo.</subfield>
</datafield>
<datafield tag="520" ind1=" " ind2=" ">
<subfield code="a">Introduction: During our volunteer stay in Wakiso (Uganda) with the&#xd;
Kumen Foundation, a high incidence of preventable oral diseases was&#xd;
detected, especially among children and adults with limited health&#xd;
education and difficult access to dental services. This situation motivated&#xd;
the development of an intervention plan to improve oral health in the area.&#xd;
Objectives: To design an intervention plan aimed at contributing to the&#xd;
reduction of oral diseases in the Wakiso district, Uganda. Methodology:&#xd;
The Logical Framework Approach was used, which includes problem&#xd;
identification and possible solutions through problem trees, as well as the&#xd;
development of a planning matrix with proposed activities to achieve the&#xd;
objectives, indicators, sources of verification, and risk factors. Actions are&#xd;
targeted at school-age and adult populations through educational sessions&#xd;
and nutritional workshops. Budget: A total of 1880€ has been estimated,&#xd;
funded through crowdfunding, allocated to educational infographics,&#xd;
anatomical models, and dental kits. Timeline: The intervention will be&#xd;
carried out over several months, starting with educational workshops,&#xd;
distribution of materials, and follow-up. Conclusions: The project is&#xd;
expected to improve oral health, reduce disease prevalence, and raise&#xd;
awareness about oral hygiene and proper nutrition. The adequacy of the&#xd;
proposed intervention plan remains to be validated upon implementation.</subfield>
</datafield>
<datafield tag="024" ind2=" " ind1="8">
<subfield code="a">https://hdl.handle.net/10259/11166</subfield>
</datafield>
<datafield ind1=" " ind2=" " tag="653">
<subfield code="a">Educación en salud</subfield>
</datafield>
<datafield ind1=" " ind2=" " tag="653">
<subfield code="a">Higiene bucal</subfield>
</datafield>
<datafield ind1=" " ind2=" " tag="653">
<subfield code="a">Dieta cariogénica</subfield>
</datafield>
<datafield ind1=" " ind2=" " tag="653">
<subfield code="a">Uganda</subfield>
</datafield>
<datafield ind1=" " ind2=" " tag="653">
<subfield code="a">Health education</subfield>
</datafield>
<datafield ind1=" " ind2=" " tag="653">
<subfield code="a">Oral hygiene</subfield>
</datafield>
<datafield ind1=" " ind2=" " tag="653">
<subfield code="a">Cariogenic diet</subfield>
</datafield>
<datafield tag="245" ind1="0" ind2="0">
<subfield code="a">Plan de mejora en salud bucodental en el distrito de Wakiso (Uganda): propuesta de intervención</subfield>
</datafield>
</record></metadata></record></GetRecord></OAI-PMH>